1128 1111 1853 1856 1836 1956 1700 1073 1012 1186 1353 1705 1223 1898 1642 1521 1167 1543 1501 1459 1654 1982 1874 1672 1601 1578 1482 1195 1159 1531 1321 1573 1683 1509 1514 1521 1383 1522 1558 1143 1051 1113 1004 1240 1401 1966 1822 1210 1654 1689 1688 1335 1713 1327 1049 1429 1192 1635 1851 1360 1646 1974 1865 1973 1904 1686 1872 1663 1877 1855 1460 1028 1827 1849 1539 1929 1535 1652 1086 1919 1285 1582 1626 1740 1233 1429 1879 1346 1121 1382 1403 1844 1213 1338 1119 1290 1862 1561 1115 BCNSPRNW ULIB Ver.6.0+V

เปลี่ยนเป็นภาษาไทย

Change to English
 แสดงรายละเอียดบรรณานุกรม
  กลับหน้าหลัก

Brief Record : Get Marc (ISO 2709) : E-mail record : QR code < ปิดหน้าต่าง
LEADER : 00000nam 2200000uu 4500
001    13399125250
003     ULIB
008    161128s2550||||th 000 0 tha d
050  4 ^aBQ4570^bป344ก
100 0  ^aประภาศรี ทุ่งมีผล
245 10 ^aการสอนและการให้คำปรึกษาตามแนวพุทธศาสตร์ /^cประภาศรี ทุ่งมีผล
260    ^aนครสวรรค์ : วิทยาลัยพยาบาลบรมราชนนีสวรรค์ประชารักษ์ นครสวรรค์, 2550
300    ^a44 หน้า
650  0 ^aการสอน^bทางพุทธศาสตร์
700 0  ^aธรรมะ
710 1  ^aวิทยาลัยพยาบาลบรมราชนนีสวรรค์ประชารักษ์ นครสวรรค์
945    ^p0^l0^i001561
999    ^aวรรณษา ชูชัยมงคล
รายการนี้ยังไม่มีแท็ก
คุณยังไม่ได้ล็อกอิน คุณสามารถมีกิจกรรมร่วมกับเว็บไซต์ได้ แต่ต้องล็อกอินก่อน ::
  ล็อกอิน

รายการสื่อสารสนเทศ

ลำดับที่ ประเภท เลขเรียก/บาร์โค้ด สถานที่ สถานะ
1. การศึกษาทั่วไป
การศึกษาทั่วไป
BQ4570 ป344ก ฉ.1 
  Barcode: 001561
ห้องสมุดวิทยาเขตสวรรค์ประชารักษ์
►หนังสือทั่วไป
บนชั้น

รายการใกล้เคียง
    ผู้แต่ง [ประภาศรี ทุ่งมีผล]

BibComment


ยังไม่เคยถูกคอมเมนท์

คอมเมนท์ทรัพยากรรายการนี้
  คอมเมนท์: การสอนและการให้ค..


 Copyright 2026. Bcnsprnw @Library